000 00506nam a2200181Ia 4500
005 20250326124934.0
008 250326s9999 xx 000 0 und d
037 _aTextbook
040 _aFMSL
_beng
_cFMSL
041 _aeng
_2eng
084 _aX:8F L41
_qFMSL
100 _aCopeland R M
_9318918
245 0 _aManagerial accounting
_cCopeland R M; Dascher P E
260 _aCalifornia
_bCalifornia, Hamilton
_c1974
300 _a534p
942 _cTB
_hX:8F L41
999 _c1275847
_d1275847